Zakir Husain: (Record no. 222929)
[ view plain ]
| 000 -LEADER | |
|---|---|
| fixed length control field | 00891nam a22002177a 4500 |
| 005 - DATE AND TIME OF LATEST TRANSACTION | |
| control field | 20220514115603.0 |
| 008 - FIXED-LENGTH DATA ELEMENTS--GENERAL INFORMATION | |
| fixed length control field | 220514b ||||| |||| 00| 0 eng d |
| 040 ## - CATALOGING SOURCE | |
| Transcribing agency | Aloy |
| 041 ## - LANGUAGE CODE | |
| Language code of text/sound track or separate title | eng |
| 082 ## - DEWEY DECIMAL CLASSIFICATION NUMBER | |
| Edition number | 23 |
| Classification number | 954.092 |
| Item number | MUJZ |
| 100 ## - MAIN ENTRY--PERSONAL NAME | |
| Personal name | M Mujeeb |
| 100 ## - MAIN ENTRY--PERSONAL NAME | |
| 9 (RLIN) | 37005 |
| 245 ## - TITLE STATEMENT | |
| Title | Zakir Husain: |
| Remainder of title | A biography |
| 260 ## - PUBLICATION, DISTRIBUTION, ETC. | |
| Place of publication, distribution, etc. | New Delhi: |
| Name of publisher, distributor, etc. | National Book Trust, |
| Date of publication, distribution, etc. | 1972. |
| 300 ## - PHYSICAL DESCRIPTION | |
| Extent | vi,248p. |
| Other physical details | HB |
| Dimensions | 20x14cm |
| 365 ## - TRADE PRICE | |
| Source of price type code | Biography |
| Price amount | 9.00 |
| Currency code | ₹ |
| Unit of pricing | 9.00 |
| 520 ## - SUMMARY, ETC. | |
| Summary, etc. | A Scholar, educationalist, philanthropist and the President of India from 1967-1969, dr. Zakir Hussain endeared himself to men of different religious communities through his secular and democratic outlook.This illuminating biography provides an intimate glimpse into the life of this great man and his work. |
| 650 ## - SUBJECT ADDED ENTRY--TOPICAL TERM | |
| Topical term or geographic name entry element | Biography |
| 9 (RLIN) | 36996 |
| 650 ## - SUBJECT ADDED ENTRY--TOPICAL TERM | |
| Topical term or geographic name entry element | Former President of India |
| 9 (RLIN) | 36997 |
| 700 ## - ADDED ENTRY--PERSONAL NAME | |
| Personal name | MUJEEB (M) |
| 9 (RLIN) | 36998 |
| 942 ## - ADDED ENTRY ELEMENTS (KOHA) | |
| Source of classification or shelving scheme | Dewey Decimal Classification |
| Koha item type | George Fernandes Collections |
| Withdrawn status | Lost status | Source of classification or shelving scheme | Damaged status | Not for loan | Collection code | Home library | Current library | Date acquired | Total Checkouts | Full call number | Barcode | Date last seen | Price effective from | Koha item type |
|---|---|---|---|---|---|---|---|---|---|---|---|---|---|---|
| Dewey Decimal Classification | Others | St Aloysius Library | St Aloysius Library | 03/24/2013 | 954.092 MUJZ | GF02042 | 05/14/2022 | 05/14/2022 | George Fernandes Collections |